000 01119cad a22001935a 4500
001 L150782
008 100902e20100527xxk 000 0 eng d
035 _a(Sirsi) u150782
041 0 _aeng
245 0 0 _aCraftrule Ltd v 41-60 Albert Palace Mansions (Freehold) Ltd
_h[electronic resource]
260 _c2010
520 _a[2010] EWHC 1230 (Ch), 27 May 2010. Concerned with statutory construction of a self-contained part of a building in Leasehold Reform Housing and Urban Development Act 1993 S3 and S4 in the context of a claim to excercise the right to collective enfranchisement under S1. The property was divided into two sets of 10 flats. "Held" appeal dismissed. Divisibility of a self-contained part of a building was neither expressly or impliedly required in S3.
590 _aKA
650 2 4 _aCRAFTRULE LTD V 41-60 ALBERT PALACE MANSIONS (FREEHOLD) LTD
651 4 _aENGLAND AND WALES
690 _aPROPERTY-RESIDENTIAL PROPERTY-LANDLORD AND TENANT-RESIDENTIAL LEASES
856 4 0 _uhttps://www.bailii.org/ew/cases/EWHC/Ch/2010/1230.html
_zView this item free of charge at www.bailii.org
942 _n0
999 _c82641
_d82641